| 000 | nam a22 7a 4500 | ||
|---|---|---|---|
| 999 |
_c29911 _d29911 |
||
| 008 | 181012b xxu||||| |||| 00| 0 eng d | ||
| 050 | _aHV 6035 . K 66 2016 | ||
| 100 | _aKombo Paul | ||
| 245 | _aCauses of crime in kenyan universities/ | ||
| 260 |
_aKenya: _c2016. |
||
| 300 |
_a98p. _bIll , ; _c30cm. |
||
| 521 | _aMasters. | ||
| 650 | _aCrime | ||
| 942 |
_2lcc _cRESEARCH |
||